Algebra lineal / (Registro nro. 7467)

Detalles MARC
000 -CABECERA
Campo de control interno 01763nam a2200241Ia 4500
008 - ELEMENTOS DE LONGITUD FIJA - INFORMACIÓN GENERAL
Campo de control de longitud fija 260220t1982||||xx |||||||||||||| ||spa||
040 ## - FUENTE DE CATALOGACIÓN
Agencia de catalogación original PY-SlUNAC
Idioma de catalogación spa
Convenciones de descripción rda
041 ## - CÓDIGO DE IDIOMA
Código de idioma para texto/pista de sonido o título separado spa
082 ## - NÚMERO DE CLASIFICACIÓN DECIMAL DEWEY
Clasificación Decimal Dewey (CDD) 512.5
Clasificación Expansiva de Cutter (EC) V857a
100 ## - ASIENTO PRINCIPAL - NOMBRE PERSONAL
Nombre personal Vocvadín, Valentín Vasilievich
Rol del autor Autor
245 #0 - TÍTULO
Título Algebra lineal /
Mención de responsabilidad por Valentín Vasilievich Vocvadín [Autor]
264 ## - PIE DE IMPRENTA
Lugar Moscú :
Editorial Mir,
Año ℗1982.
300 ## - DESCRIPCIÓN FÍSICA
Páginas 424 páginas
520 ## - NOTA DE RESUMEN
Nota de resumen El libro "Álgebra lineal" de Valentín Vasilievich Vocvadín, publicado en Moscú por Mir en 1982, es una obra fundamental que aborda los conceptos y teorías esenciales de esta disciplina matemática. A lo largo de sus capítulos, el autor presenta de manera clara y estructurada temas como espacios vectoriales, transformaciones lineales, matrices y determinantes, así como sus aplicaciones en diversas áreas de la ciencia y la ingeniería. Vocvadín enfatiza la importancia de los métodos algebraicos en la resolución de problemas prácticos, ofreciendo ejemplos ilustrativos y ejercicios que facilitan la comprensión de los conceptos. La obra también incluye discusiones sobre la teoría de eigenvalores y eigenvectores, aspectos que son cruciales para el análisis de sistemas lineales. En conjunto, este libro no solo sirve como un texto introductorio para estudiantes de matemáticas y ciencias aplicadas, sino que también se convierte en una referencia valiosa para profesionales que buscan profundizar en el álgebra lineal y sus aplicaciones contemporáneas.
653 ## - MATERIA - TÉRMINO TEMÁTICO NO CONTROLADO (PALABRAS CLAVE)
Materia - término temático no controlado (palabras clave) Álgebra
653 ## - MATERIA - TÉRMINO TEMÁTICO NO CONTROLADO (PALABRAS CLAVE)
Materia - término temático no controlado (palabras clave) Educación matemática
653 ## - MATERIA - TÉRMINO TEMÁTICO NO CONTROLADO (PALABRAS CLAVE)
Materia - término temático no controlado (palabras clave) Matemáticas
942 ## - ELEMENTOS PERSONALIZADOS (KOHA)
Fecha catalogación 2026/02/17
Tipo de documento Libros
Existencias
Fuente de Clasificacion Colección Ubicacion permanente Biblioteca actual Fecha de Ingreso a la Biblioteca Origen de adquisición Código de ubicación Código de barras Tipo de Item KOHA Nota pública
Dewey Decimal Classification Colección General (CG) Biblioteca e Internet, Facultad de Ciencias Exactas y Naturales Biblioteca e Internet, Facultad de Ciencias Exactas y Naturales 02/20/2026 Donación 512.5 V857a CG827 Libros Material disponible en la Biblioteca e Intenet, Campus UNA, San Lorenzo.